| 000 | 00436cam a22001457a 4500 | ||
|---|---|---|---|
| 008 | 180718b1996 xxu||||| |||| 00| 0 eng d | ||
| 082 | _aT19x54 P191/2 | ||
| 245 |
_aIndia's policy problems _cedited by V.A. Paipanandiker |
||
| 260 |
_aNew Delhi _bKonark _c1996 |
||
| 300 | _a259p. | ||
| 650 | _aEconomic development - India | ||
| 650 | _aIndia - Economic policy | ||
| 650 | _aIndia - Economic conditions | ||
| 700 | _aPaipanandiker, V.A. | ||
| 999 |
_c379527 _d379527 |
||